| 000 | 00413nam a22001697a 4500 | ||
|---|---|---|---|
| 005 | 20160903150211.0 | ||
| 008 | 160903b xxu||||| |||| 00| 0 eng d | ||
| 020 | _a81-7873-057-8 | ||
| 041 | _aeng | ||
| 082 | _b20932 | ||
| 100 |
_aRANDHAWA, G.S. & MUKHOPADHYAY, A _93466 |
||
| 245 | _aFLORICULTURE IN INDIA | ||
| 260 |
_bALLIED PUBLISHERS _c2016 |
||
| 300 | _a630 | ||
| 650 |
_aAGRICULTURE _92837 |
||
| 942 | _cBK | ||
| 999 |
_c5171 _d5169 |
||